00602nam a22002177a 4500003000500000005001700005008004100022010001000063011001000073035001000083040000900093082002100102111007000123245003800193260004600231300001000277500001100287650002900298710004700327710001000374CHAP20220817043226.0971013s1989 r 10010 d a68999 a69971 a79450 cCHAP a635.063bC6 198900aCongreso Nacional de Horticultura (n3d: 1989c: Oaxtepec, Mor.) aPrograma y memoria de resúmenes aChapingo, Méx. :bLa Universidad,c1989 a90 p. a32-15014aHorticulturaxCongresos.0 aColegio de Postgraduados. Chapingo, Méx.0 aUACH.